[Event "24.Schlosspark-Open"]
[Site "Wiesbaden-Biebrich"]
[Date "2012.08.23"]
[Round "1.29"]
[White "Nabavi, Parwis"]
[Black "Achtmann, Armin"]
[Result "1-0"]
[WhiteElo "2172"]
[BlackElo "1792"]
[PlyCount "70"]
[EventDate "2012.??.??"]
[WhiteTeam "SGEM Dreisamtal"]
[BlackTeam "Petra/Mallorca"]

1. d4 Nf6 2. c4 d6 3. Nf3 g6 4. Nc3 Bg7 5. e4 O-O 6. Be2 c5 7. d5 Bg4 8. O-O
Nbd7 9. Bg5 a6 10. Qc2 Rb8 11. a4 h6 12. Be3 Qc7 13. Rad1 Ne5 14. Nxe5 dxe5 15.
f4 Bxe2 16. Qxe2 Ne8 17. g3 Kh7 18. fxe5 Bxe5 19. Bf4 Ng7 20. Qf2 Nh5 21. Bxe5
Qxe5 22. Rd3 b6 23. Kg2 Rbd8 24. h3 Rd6 25. Rf3 Rf6 26. Rxf6 Nxf6 27. Qf4 Qxf4
28. gxf4 Nd7 29. Kf3 f5 30. e5 g5 31. Rd1 h5 32. Ne2 g4+ 33. hxg4 hxg4+ 34. Ke3
Kg6 35. Rh1 Rf7 1-0

[Event "24.Schlosspark-Open"]
[Site "Wiesbaden-Biebrich"]
[Date "2012.08.23"]
[Round "1.30"]
[White "Berkes, Jörg"]
[Black "Sokratov, Stanislav"]
[Result "0-1"]
[WhiteElo "1790"]
[BlackElo "2165"]
[PlyCount "48"]
[EventDate "2012.??.??"]
[WhiteTeam "SK Langen"]
[BlackTeam "SG Stern Stuttgart"]

1. e4 c5 2. Nf3 Nc6 3. g3 g6 4. Bg2 Bg7 5. d3 e5 6. c3 Nge7 7. Be3 d6 8. Qd2
O-O 9. h4 h5 10. Nh2 Be6 11. f3 Qd7 12. Na3 b6 13. Qe2 f5 14. exf5 Nxf5 15. Bf2
Nh6 16. Be3 d5 17. O-O-O d4 18. Bxh6 Bxh6+ 19. Kb1 dxc3 20. bxc3 b5 21. g4 b4
22. Qe4 bxa3 23. Qxg6+ Bg7 24. Qxh5 Qb7+ 0-1

[Event "24.Schlosspark-Open"]
[Site "Wiesbaden-Biebrich"]
[Date "2012.08.23"]
[Round "1.31"]
[White "Werner, Dimo"]
[Black "Bangert, Udo"]
[Result "1/2-1/2"]
[WhiteElo "2160"]
[BlackElo "1790"]
[PlyCount "187"]
[EventDate "2012.??.??"]
[WhiteTeam "Vorw.Orient Mainz"]
[BlackTeam "SG Stern Stuttgart"]

1. d4 Nf6 2. Nf3 e6 3. c4 d5 4. Nc3 c6 5. e3 Nbd7 6. Bd3 dxc4 7. Bxc4 b5 8. Bd3
a6 9. O-O Bb7 10. Qe2 c5 11. Rd1 Qc7 12. a3 Bd6 13. Bd2 O-O 14. Rac1 c4 15. Bb1
Bxf3 16. Qxf3 Bxh2+ 17. Kh1 Bd6 18. Qh3 g6 19. Qf3 Nh5 20. Ne4 Be7 21. Bc3 f5
22. Nd2 Ndf6 23. Nf1 Rad8 24. g3 Qd7 25. Kg2 Qd5 26. Ba5 Rd7 27. Qxd5 exd5 28.
Nd2 Bd6 29. Nf3 Re8 30. Bc2 Ng4 31. Bd2 Nhf6 32. Bb4 Kg7 33. Bxd6 Rxd6 34. Re1
Ne4 35. Re2 h6 36. Ne1 Ng5 37. Bd1 Rde6 38. Rec2 h5 39. Nf3 Kf6 40. Nxg5 Kxg5
41. Bf3 Nf6 42. Rb1 Rc8 43. Rbc1 Ne4 44. Be2 Rb6 45. Bf3 Rcb8 46. b4 Kf6 47.
Rd1 a5 48. Rb1 a4 49. Rbc1 Ke6 50. Kh2 Rh8 51. Bg2 Rb7 52. f3 Nf6 53. Re1 Re7
54. Rce2 Rhe8 55. Kg1 Kd6 56. Bh3 Nh7 57. Kf2 Rf8 58. Bg2 Nf6 59. Bh3 Kc7 60.
Kg1 Kd8 61. Rf2 Rfe8 62. Rfe2 Re6 63. Kf2 R8e7 64. Rg1 Rh7 65. Rh1 Ke7 66. Rg1
Kf7 67. Rge1 Kg8 68. Rg1 Rf7 69. Rge1 Kh7 70. Kg1 Kh6 71. Kh2 Rfe7 72. Kg1 Kg7
73. Kf2 Ne8 74. Bg2 Kf6 75. Rh1 Nd6 76. Rhe1 Nc8 77. Rh1 Na7 78. Rhe1 Nc6 79.
Bh1 g5 80. f4 Rd6 81. Bf3 g4 82. Bg2 Re8 83. Rh1 Rh8 84. Rd1 Kg6 85. Rh1 Nb8
86. Rd1 Nd7 87. Rh1 Nf6 88. Ree1 Re6 89. Re2 Re7 90. Ree1 Rd8 91. Re2 Ne4+ 92.
Bxe4 Rxe4 93. Rc2 Rd7 94. Rc3 1/2-1/2

[Event "24.Schlosspark-Open"]
[Site "Wiesbaden-Biebrich"]
[Date "2012.08.23"]
[Round "1.32"]
[White "Busch, Malte"]
[Black "Weiler, Dieter"]
[Result "0-1"]
[WhiteElo "1765"]
[BlackElo "2155"]
[PlyCount "82"]
[EventDate "2012.??.??"]
[WhiteTeam "SC 1979 Hattersheim"]
[BlackTeam "vereinslos"]

1. d4 d5 2. c4 e6 3. Nc3 Nf6 4. Nf3 Be7 5. e3 O-O 6. Bd3 b6 7. O-O Bb7 8. b3
Nbd7 9. Bb2 Ne4 10. Nd2 f5 11. f3 Nxc3 12. Bxc3 c5 13. f4 cxd4 14. Bxd4 Nc5 15.
Be2 Bf6 16. Bxf6 Qxf6 17. cxd5 Bxd5 18. Bf3 Qc3 19. Qe2 Rfd8 20. Bxd5 Rxd5 21.
Nf3 Qd3 22. Qxd3 Nxd3 23. Nd4 Kf7 24. Rad1 Nb4 25. a3 Na6 26. Nc6 Nc7 27. Rxd5
Nxd5 28. Kf2 Rc8 29. Rc1 Kf6 30. Rc2 a5 31. Kf3 Ne7 32. Nd4 Rxc2 33. Nxc2 e5
34. e4 exf4 35. exf5 Kxf5 36. Nd4+ Ke5 37. Nc2 Nc6 38. b4 axb4 39. axb4 Nd4+
40. Nxd4 Kxd4 41. Kxf4 Kc4 0-1

[Event "24.Schlosspark-Open"]
[Site "Wiesbaden-Biebrich"]
[Date "2012.08.23"]
[Round "1.34"]
[White "Günther, Rainer"]
[Black "Budzyn, Matthias"]
[Result "0-1"]
[WhiteElo "1764"]
[BlackElo "2138"]
[PlyCount "78"]
[EventDate "2012.??.??"]
[WhiteTeam "SV Mainz-Mombach"]
[BlackTeam "SG Turm Kiel von 1910"]

1. e4 e5 2. Bc4 Nc6 3. a3 Nf6 4. d3 Bc5 5. Nf3 d6 6. h3 Ne7 7. Nc3 c6 8. O-O
O-O 9. Re1 b5 10. Ba2 Be6 11. Bxe6 fxe6 12. d4 exd4 13. Nxd4 Qd7 14. Be3 Ng6
15. Qd2 b4 16. axb4 Bxb4 17. f3 Ne5 18. Qe2 Nh5 19. Qf2 Nc4 20. Nb3 Nxb2 21.
Bd2 Nc4 22. Nb1 Bxd2 23. N1xd2 Ne5 24. Ra6 c5 25. Rea1 Nf4 26. Nf1 Qe7 27. Kh2
Rf6 28. Qd2 Nxh3 29. Qxd6 Qxd6 30. Rxd6 Nf4 31. Kg1 Rg6 32. Ne3 Nxf3+ 33. Kf2
Ne5 34. Nxc5 Rf8 35. Ke1 Rg3 36. Kd2 Rxe3 37. Kxe3 Nc4+ 38. Kd4 Nxd6 39. Rxa7
Nb5+ 0-1

[Event "24.Schlosspark-Open"]
[Site "Wiesbaden-Biebrich"]
[Date "2012.08.23"]
[Round "1.35"]
[White "Regis, Georg"]
[Black "Happel, Jonas"]
[Result "1-0"]
[WhiteElo "2137"]
[BlackElo "1758"]
[PlyCount "93"]
[EventDate "2012.??.??"]
[WhiteTeam "SAbt TuS Dotzheim"]
[BlackTeam "SV 1920 Hofheim"]

1. e4 c5 2. Nf3 Nc6 3. d3 g6 4. g3 Bg7 5. Bg2 d6 6. O-O Nf6 7. Re1 O-O 8. Nbd2
e5 9. Nf1 Be6 10. c3 Qb6 11. h3 Rfd8 12. Ng5 Bc8 13. g4 h6 14. Nf3 g5 15. Ng3
d5 16. Qe2 d4 17. c4 Qc7 18. Kh1 Ne7 19. Nf5 Ng6 20. h4 Nf4 21. Bxf4 gxf4 22.
g5 hxg5 23. hxg5 Nh7 24. Bh3 Nf8 25. Rg1 Ng6 26. Nh2 Ne7 27. Qh5 Ng6 28. Nxg7
Kxg7 29. Qh6+ Kg8 30. Bxc8 Raxc8 31. Ng4 f6 32. Qxg6+ Qg7 33. Qxg7+ Kxg7 34.
gxf6+ Kf7 35. f3 Rh8+ 36. Kg2 Rcg8 37. Rh1 Kg6 38. Rxh8 Rxh8 39. Rh1 Re8 40.
Rh6+ Kf7 41. Rh7+ Ke6 42. Rxb7 a5 43. Nxe5 Kxf6 44. Ng4+ Ke6 45. Rb5 a4 46.
Rxc5 Rb8 47. Rb5 1-0

[Event "24.Schlosspark-Open"]
[Site "Wiesbaden-Biebrich"]
[Date "2012.08.23"]
[Round "1.36"]
[White "Doerjer, Gerhard"]
[Black "Von den Steinen, Benjamin"]
[Result "0-1"]
[WhiteElo "1752"]
[BlackElo "2137"]
[PlyCount "42"]
[EventDate "2012.??.??"]
[WhiteTeam "vereinslos"]
[BlackTeam "Sfr.Bitburg 1958"]

1. d4 Nf6 2. Bg5 Ne4 3. Bf4 c5 4. f3 Nf6 5. e4 cxd4 6. Qxd4 Nc6 7. Qd2 d5 8.
Nc3 d4 9. Nd5 Nxd5 10. exd5 Qxd5 11. c3 e5 12. Be3 Be6 13. Bg5 Bc5 14. Bd3 f6
15. Be4 Qd7 16. Bxc6 Qxc6 17. cxd4 Bxd4 18. Be3 Rd8 19. Ne2 Bb6 20. Rc1 Rxd2
21. Rxc6 Rxe2+ 0-1

[Event "24.Schlosspark-Open"]
[Site "Wiesbaden-Biebrich"]
[Date "2012.08.23"]
[Round "1.37"]
[White "Goloborodko, Dmitro"]
[Black "Bratmann, Marc"]
[Result "1-0"]
[WhiteElo "2124"]
[BlackElo "1746"]
[PlyCount "47"]
[EventDate "2012.??.??"]
[WhiteTeam "SG Turm Idstein"]
[BlackTeam "SAbt TuS Dotzheim"]

1. d4 d5 2. c4 e6 3. Nc3 c5 4. Nf3 Nc6 5. e3 Nf6 6. a3 dxc4 7. Bxc4 a6 8. dxc5
Qxd1+ 9. Kxd1 Bxc5 10. b4 b5 11. Nxb5 O-O 12. Nc3 Rd8+ 13. Ke2 Be7 14. Bb2 Ra7
15. Rhd1 Rad7 16. Rxd7 Rxd7 17. Rc1 Bb7 18. Bd3 Bd8 19. Na4 Be7 20. Nc5 Bxc5
21. Rxc5 Rd5 22. Rc1 Nd7 23. e4 Rd6 24. e5 1-0

[Event "24.Schlosspark-Open"]
[Site "Wiesbaden-Biebrich"]
[Date "2012.08.23"]
[Round "1.38"]
[White "Stecken, Olaf"]
[Black "Ruppert, Wolfgang"]
[Result "0-1"]
[WhiteElo "1741"]
[BlackElo "2124"]
[PlyCount "110"]
[EventDate "2012.??.??"]
[WhiteTeam "SC Landskrone"]
[BlackTeam "SC Flörsheim 1921"]

1. c4 e5 2. g3 Nc6 3. Bg2 f5 4. Nc3 Nf6 5. d3 Bb4 6. Bd2 O-O 7. e3 d6 8. Nge2
Kh8 9. O-O Qe8 10. f4 Be6 11. b3 Bc5 12. Kh1 Ng4 13. Qc1 Bb6 14. Na4 Qh5 15. h4
Rae8 16. Nxb6 axb6 17. Qd1 Bc8 18. a3 h6 19. e4 Nd4 20. Nxd4 exd4 21. Qe2 Bd7
22. Rae1 c5 23. a4 Re7 24. Qd1 Rfe8 25. Bf3 Qg6 26. Bxg4 fxg4 27. Rf2 Qf6 28.
Rfe2 Bc6 29. Kh2 g6 30. Rf2 Bd7 31. Ref1 Rf7 32. Kg1 Kh7 33. Bc1 Rfe7 34. Re1
Qf7 35. Qd2 Qg7 36. Qd1 Qg8 37. Rfe2 Qe6 38. Kf1 Bc6 39. Qc2 Rf7 40. Kg1 Rfe7
41. Kf1 Qf7 42. Kg1 Re6 43. Qd2 Qe7 44. Qc2 d5 45. cxd5 Bxd5 46. Kf2 Bc6 47.
Kf1 b5 48. axb5 Bxb5 49. Kf2 Ba6 50. Ba3 b6 51. Bb2 Qd7 52. Ba3 Qb5 53. Qc4 Qa5
54. Qa4 Qxa4 55. bxa4 Bxd3 0-1

[Event "24.Schlosspark-Open"]
[Site "Wiesbaden-Biebrich"]
[Date "2012.08.23"]
[Round "1.39"]
[White "Kreiling, Carsten"]
[Black "Diener, Carolin Valeria"]
[Result "1-0"]
[WhiteElo "2114"]
[BlackElo "1739"]
[PlyCount "101"]
[EventDate "2012.??.??"]
[WhiteTeam "SVG Eppstein 1932"]
[BlackTeam "Sfr.1891 Friedberg"]

1. d4 d5 2. c4 e6 3. Nf3 Nf6 4. Bg5 Be7 5. Nc3 O-O 6. Qc2 Nbd7 7. cxd5 exd5 8.
e3 c6 9. Bd3 Re8 10. O-O Nf8 11. Bxf6 Bxf6 12. b4 a6 13. a4 Qd6 14. b5 Bd7 15.
bxa6 bxa6 16. Ne2 a5 17. Nc1 h6 18. Nb3 Ne6 19. Bf5 Reb8 20. Rfc1 Rb4 21. Bxe6
Bxe6 22. Nc5 Rc4 23. Qd2 Rxc1+ 24. Rxc1 Bf5 25. Qc3 Qc7 26. Ne1 Be7 27. Ned3
Bd6 28. h3 Kh8 29. Nb3 Bd7 30. Ndc5 Be8 31. Rb1 Qa7 32. Nd2 Bxc5 33. dxc5 Bd7
34. Nf3 Bf5 35. Rb6 Qc7 36. Nd4 Bd7 37. Qb3 Qc8 38. Rb7 Be8 39. Qb6 Kh7 40. Rc7
Qa6 41. Nxc6 Qc4 42. Qb7 Bxc6 43. Rxc6 Rf8 44. Qb5 Qc1+ 45. Kh2 Qc3 46. Rd6 Qd2
47. c6 Qxf2 48. Qd3+ Kg8 49. c7 Qb2 50. Qxd5 Qb4 51. Rd8 1-0

[Event "24.Schlosspark-Open"]
[Site "Wiesbaden-Biebrich"]
[Date "2012.08.23"]
[Round "1.40"]
[White "Uhl, Patrick"]
[Black "Minz, Michail"]
[Result "0-1"]
[WhiteElo "1739"]
[BlackElo "2096"]
[PlyCount "104"]
[EventDate "2012.??.??"]
[WhiteTeam "Sfr.Bitburg 1958"]
[BlackTeam "SK Gau-Algesheim"]

1. d4 d5 2. c4 c6 3. Nc3 Nf6 4. Nf3 g6 5. cxd5 cxd5 6. g3 Bg7 7. Bg2 O-O 8. O-O
b6 9. Bf4 Bb7 10. Bxb8 Rxb8 11. e3 e6 12. Rc1 Qe7 13. a3 Rfc8 14. Ne5 Ne8 15.
f4 f6 16. Nf3 Nd6 17. Nd2 f5 18. Rf2 Ba6 19. Bf1 Bxf1 20. Qxf1 Qd7 21. Re2 Rc6
22. Ree1 Rbc8 23. Rc2 Bf8 24. Rec1 R8c7 25. Qd3 Qc8 26. Kf1 a6 27. Ke1 Nb5 28.
Kd1 Nxc3+ 29. Rxc3 Rxc3 30. Rxc3 Rxc3 31. bxc3 b5 32. Nb1 Bd6 33. Kc2 Qc6 34.
Kb3 Qb6 35. Kb2 Kg7 36. Qc2 h6 37. Nd2 g5 38. Nb1 Qc7 39. Qg2 Qc4 40. h3 Qd3
41. Qf2 a5 42. Qe1 Kg6 43. Kb3 b4 44. Kb2 bxa3+ 45. Nxa3 Bxa3+ 46. Kxa3 Qc2 47.
Qa1 Qd2 48. Qb2 Qxe3 49. Ka4 gxf4 50. Qb8 fxg3 51. h4 Kh5 52. Qg8 Kxh4 0-1

[Event "24.Schlosspark-Open"]
[Site "Wiesbaden-Biebrich"]
[Date "2012.08.23"]
[Round "1.41"]
[White "Berberich, Christoph"]
[Black "Pade, Joachim"]
[Result "1-0"]
[WhiteElo "2085"]
[BlackElo "1737"]
[PlyCount "63"]
[EventDate "2012.??.??"]
[WhiteTeam "SK Freiburg Zähringen 1887 e.V."]
[BlackTeam "Sfr. Anderssen Wetzlar"]

1. d4 Nf6 2. Nf3 g6 3. c4 Bg7 4. Nc3 O-O 5. e4 d6 6. Be2 Bg4 7. Be3 Bxf3 8.
Bxf3 Nc6 9. d5 Ne5 10. Be2 h5 11. h3 c5 12. f4 Ned7 13. O-O a6 14. a4 Qc7 15.
g4 hxg4 16. hxg4 Ne8 17. Qe1 e5 18. f5 Qd8 19. g5 f6 20. fxg6 fxg5 21. Qg3 Bh6
22. Bg4 Kg7 23. Bxd7 Qxd7 24. Rxf8 Kxf8 25. Rf1+ Kg8 26. Rf7 Qc8 27. Bxg5 Bxg5
28. Qxg5 Qh3 29. Rh7 Qd3 30. g7 Nf6 31. Rh8+ Kf7 32. Rxa8 1-0

[Event "24.Schlosspark-Open"]
[Site "Wiesbaden-Biebrich"]
[Date "2012.08.23"]
[Round "1.42"]
[White "Puzzo, Peter"]
[Black "Kalepky, Helmut"]
[Result "0-1"]
[WhiteElo "1732"]
[BlackElo "2084"]
[PlyCount "134"]
[EventDate "2012.??.??"]
[WhiteTeam "Sfr. Frankfurt 1921"]
[BlackTeam "Sfr.Heidesheim"]

1. d4 d6 2. c4 e5 3. dxe5 dxe5 4. Qxd8+ Kxd8 5. a3 Be6 6. e3 Nd7 7. Nd2 a5 8.
b3 Ne7 9. Ne2 Nf5 10. Bb2 f6 11. Ng3 Bc5 12. Bd3 Nxg3 13. hxg3 h6 14. O-O-O Ke7
15. Ne4 c6 16. Bc2 Bb6 17. Rd2 a4 18. b4 Bxc4 19. Rhd1 Be6 20. Nd6 Rhb8 21.
Nf5+ Bxf5 22. Bxf5 Nf8 23. g4 Rd8 24. Bc2 Rxd2 25. Rxd2 Bc7 26. Be4 Bd6 27. g3
Rc8 28. Rc2 Nd7 29. b5 Nc5 30. Bf5 Rd8 31. bxc6 bxc6 32. Rc4 Ra8 33. Kc2 Kd8
34. f4 exf4 35. exf4 Kc7 36. g5 hxg5 37. fxg5 Nd7 38. gxf6 Nxf6 39. g4 Nd5 40.
Re4 g5 41. Re6 Rf8 42. Re4 Ne7 43. Be6 Rf4 44. Kd3 Nd5 45. Bf5 Rf3+ 46. Kd2
Bxa3 47. Be5+ Bd6 48. Bxd6+ Kxd6 49. Rxa4 Rf4 50. Rxf4 gxf4 51. Ke2 Ke5 52. Bd3
Kf6 53. Kf3 Kg5 54. Be4 Ne7 55. Bc2 c5 56. Bb3 Nc8 57. Be6 Nd6 58. Bb3 c4 59.
Bc2 c3 60. Bd3 Nc4 61. Ke2 Ne3 62. Be4 Kxg4 63. Bf3+ Kg3 64. Be4 c2 65. Kd2 Kf2
66. Bd3 f3 67. Bb5 Kg1 0-1

[Event "24.Schlosspark-Open"]
[Site "Wiesbaden-Biebrich"]
[Date "2012.08.23"]
[Round "1.43"]
[White "Sandten, Ulrich"]
[Black "Van Bömmel, Philipp"]
[Result "1-0"]
[WhiteElo "2082"]
[BlackElo "1728"]
[PlyCount "31"]
[EventDate "2012.??.??"]
[WhiteTeam "SF Vonkeln 1931"]
[BlackTeam "SC 1979 Hattersheim"]

1. e4 d6 2. d4 c6 3. Nc3 Qc7 4. f4 e5 5. Nf3 Nd7 6. Bd3 Ngf6 7. h3 b5 8. O-O
Be7 9. Qe1 O-O 10. dxe5 dxe5 11. fxe5 Nxe5 12. Nxe5 Qxe5 13. Bf4 Bc5+ 14. Kh1
Qe7 15. Qh4 Nd5 16. Bg5 1-0

[Event "24.Schlosspark-Open"]
[Site "Wiesbaden-Biebrich"]
[Date "2012.08.23"]
[Round "1.44"]
[White "Brandt, Michael"]
[Black "Sarközy, Benjamin"]
[Result "0-1"]
[WhiteElo "1726"]
[BlackElo "2075"]
[PlyCount "44"]
[EventDate "2012.??.??"]
[WhiteTeam "Wiesbadener SV 1885"]
[BlackTeam "SC Flörsheim 1921"]

1. f4 d6 2. Nf3 Bg4 3. e4 Nf6 4. Nc3 d5 5. exd5 Nxd5 6. Nxd5 Qxd5 7. Be2 Nc6 8.
c3 O-O-O 9. d4 f6 10. Be3 e5 11. dxe5 Qe4 12. Qc1 fxe5 13. Kf2 exf4 14. Bxf4
Bc5+ 15. Be3 Rhe8 16. Bxc5 Qxe2+ 17. Kg3 Bxf3 18. gxf3 Qe5+ 19. Qf4 Qxc5 20.
Rhe1 g5 21. Qf7 Qd6+ 22. Kg2 Qd2+ 0-1

[Event "24.Schlosspark-Open"]
[Site "Wiesbaden-Biebrich"]
[Date "2012.08.23"]
[Round "1.45"]
[White "Neurohr, Jürgen"]
[Black "Spinnler, Wolfgang"]
[Result "1-0"]
[WhiteElo "2068"]
[BlackElo "1718"]
[PlyCount "55"]
[EventDate "2012.??.??"]
[WhiteTeam "Sfr.Mainz 1928"]
[BlackTeam "SC Landskrone"]

1. d4 Nf6 2. c4 e6 3. g3 Nc6 4. Nf3 b6 5. Bg2 d5 6. O-O Bb7 7. Ne5 Nxe5 8. dxe5
Ne4 9. b4 f6 10. Bb2 fxe5 11. Bxe4 dxe4 12. Qb3 c5 13. Rd1 Qc7 14. b5 Bd6 15.
Qe3 O-O-O 16. Nc3 Be7 17. Nxe4 Rxd1+ 18. Rxd1 Bxe4 19. Qxe4 Bf6 20. Qa8+ Qb8
21. Qc6+ Qc7 22. Qa8+ Qb8 23. Qc6+ Qc7 24. Qxe6+ Kb8 25. Rd7 Qc8 26. Qd6+ Ka8
27. Rc7 Qxc7 28. Qxc7 1-0

[Event "24.Schlosspark-Open"]
[Site "Wiesbaden-Biebrich"]
[Date "2012.08.23"]
[Round "1.47"]
[White "Feicht, Arno"]
[Black "Schneider, Lutz"]
[Result "1-0"]
[WhiteElo "2064"]
[BlackElo "1711"]
[PlyCount "113"]
[EventDate "2012.??.??"]
[WhiteTeam "Sfr. Anderssen Wetzlar"]
[BlackTeam "Vorw.Orient Mainz"]

1. e4 Nf6 2. e5 Nd5 3. d4 d6 4. c4 Nb6 5. exd6 exd6 6. Nc3 Be7 7. Bd3 Nc6 8.
Be3 Bf6 9. Nge2 Bg4 10. Qd2 Nb4 11. Ne4 Nxd3+ 12. Qxd3 O-O 13. O-O Bf5 14. N2g3
Bg6 15. f4 Bxe4 16. Nxe4 Re8 17. b3 Nd7 18. Rae1 Be7 19. Rf3 Nf6 20. Rh3 Nxe4
21. Qxe4 Bh4 22. Qd3 Bxe1 23. Qxh7+ Kf8 24. Kf1 Rxe3 25. Qh8+ Ke7 26. Rxe3+ Kd7
27. Qh3+ Kc6 28. d5+ Kb6 29. Rxe1 Qf6 30. Qe3+ Ka6 31. Kg1 Rh8 32. b4 b6 33. c5
dxc5 34. bxc5 bxc5 35. Rb1 Qd4 36. Qxd4 cxd4 37. Rd1 Rb8 38. Rxd4 Rb1+ 39. Kf2
Rb2+ 40. Kf3 Rxa2 41. d6 cxd6 42. Rxd6+ Kb5 43. Rd7 a5 44. Rxf7 a4 45. Rxg7 a3
46. Ra7 Kb4 47. h4 Rc2 48. Rb7+ Ka4 49. Rb1 Rb2 50. Ra1 a2 51. h5 Ka3 52. g4
Rb1 53. Rxa2+ Kxa2 54. h6 Kb3 55. g5 Kc4 56. h7 Rb8 57. g6 1-0

[Event "24.Schlosspark-Open"]
[Site "Wiesbaden-Biebrich"]
[Date "2012.08.23"]
[Round "1.48"]
[White "Strate, Wolfgang"]
[Black "Syed, Tareq"]
[Result "0-1"]
[WhiteElo "1701"]
[BlackElo "2064"]
[PlyCount "74"]
[EventDate "2012.??.??"]
[WhiteTeam "SC Eschbach im Usinger Land"]
[BlackTeam "SC Brett vor'm Kopp Ffm"]

1. d4 c6 2. e4 Na6 3. Nf3 g6 4. Be2 Bg7 5. O-O Nc7 6. c4 d6 7. Nc3 Nh6 8. Re1
O-O 9. Be3 f5 10. e5 dxe5 11. Nxe5 f4 12. Bc1 c5 13. Bf3 cxd4 14. Nd5 Ne6 15.
Qe2 a5 16. Ng4 Ra6 17. Nxh6+ Bxh6 18. Bg4 Rf7 19. Bd2 Bg7 20. Rad1 Rd6 21. Qd3
Nc5 22. Qh3 Bxg4 23. Qxg4 e5 24. b4 Nd3 25. Re4 Rxd5 26. cxd5 Qxd5 27. Qe2 Nxb4
28. Bxb4 axb4 29. Qc2 Bf8 30. f3 Bd6 31. Ree1 Rc7 32. Qb3 Qxb3 33. axb3 Rc3 34.
Rb1 d3 35. Kf1 Kf7 36. Re4 d2 37. Ke2 Rc1 0-1

[Event "24.Schlosspark-Open"]
[Site "Wiesbaden-Biebrich"]
[Date "2012.08.23"]
[Round "1.49"]
[White "Brechlin, Olaf"]
[Black "Schöber, Sebastian"]
[Result "1/2-1/2"]
[WhiteElo "2063"]
[BlackElo "1699"]
[PlyCount "92"]
[EventDate "2012.??.??"]
[WhiteTeam "FVS ASP Hoyerswerda"]
[BlackTeam "SC Rochade 69 Diez e. V."]

1. Nc3 c5 2. f4 d5 3. Nf3 Nf6 4. d3 Nc6 5. e3 g6 6. Be2 Bg7 7. O-O O-O 8. Rb1
d4 9. Ne4 b6 10. Nxf6+ exf6 11. e4 Bg4 12. Kh1 Bxf3 13. Rxf3 Qc7 14. a3 Rac8
15. Qe1 a6 16. Qh4 Rfe8 17. Bd2 b5 18. Rh3 h6 19. Rf1 Qe7 20. Bg4 Rb8 21. Bf3
Rb6 22. g4 g5 23. Qf2 Reb8 24. Rh5 b4 25. a4 b3 26. c3 dxc3 27. Bxc3 Nd4 28.
Bd1 Qd7 29. h4 Ne6 30. fxg5 fxg5 31. hxg5 Bxc3 32. bxc3 Nxg5 33. a5 b2 34. Bc2
b1=Q 35. Bxb1 Rxb1 36. Rxh6 Qxd3 37. Rh8+ Kxh8 38. Qf6+ Kh7 39. Qf5+ Kh8 40.
Qf6+ Kg8 41. Qxg5+ Kf8 42. Qxc5+ Ke8 43. Qe5+ Kd8 44. Qf6+ Kc8 45. Qc6+ Kd8 46.
Qf6+ Kc8 1/2-1/2

[Event "24.Schlosspark-Open"]
[Site "Wiesbaden-Biebrich"]
[Date "2012.08.23"]
[Round "1.50"]
[White "Lorenz, Hermann"]
[Black "Seidel, Jürgen"]
[Result "0-1"]
[WhiteElo "1691"]
[BlackElo "2059"]
[PlyCount "44"]
[EventDate "2012.??.??"]
[WhiteTeam "Sfr.Mainz 1928"]
[BlackTeam "SV 1920 Hofheim"]

1. c4 e5 2. g3 d6 3. Bg2 Nf6 4. Nc3 Be7 5. d3 O-O 6. Nf3 c6 7. O-O Qc7 8. Bd2
b6 9. Rb1 a5 10. a3 Bb7 11. b4 axb4 12. axb4 Nbd7 13. Qb3 Rfe8 14. h3 Nf8 15.
Be3 d5 16. cxd5 Nxd5 17. Nxd5 cxd5 18. Rfc1 Qd6 19. Bd2 Ne6 20. Rb2 Bf6 21.
Rbc2 e4 22. Ne1 Nd4 0-1

[Event "24.Schlosspark-Open"]
[Site "Wiesbaden-Biebrich"]
[Date "2012.08.23"]
[Round "1.51"]
[White "Stiefel, Roland"]
[Black "Lindemann, Antje"]
[Result "1-0"]
[WhiteElo "2059"]
[BlackElo "1689"]
[PlyCount "87"]
[EventDate "2012.??.??"]
[WhiteTeam "SSV Vimaria 91 Weimar"]
[BlackTeam "SC Stetten a.d.F."]

1. d4 d5 2. Bf4 e6 3. Nf3 Nf6 4. e3 Bd6 5. Bxd6 Qxd6 6. Nbd2 Nbd7 7. Bd3 c5 8.
c3 O-O 9. O-O Re8 10. Qc2 c4 11. Be2 b5 12. e4 dxe4 13. Nxe4 Qc6 14. Nxf6+ Nxf6
15. Ne5 Qc7 16. a4 Bd7 17. axb5 Bxb5 18. Qd2 Rab8 19. Rfb1 Red8 20. Bf3 a6 21.
Qf4 Nd5 22. Qh4 Qe7 23. Qg3 Rbc8 24. Re1 Kh8 25. Bh5 g6 26. Bf3 Qf6 27. Ng4 Qf4
28. Qh3 Nf6 29. Ne5 Kg7 30. g3 Qg5 31. Bb7 Rb8 32. Qg2 Nd5 33. f4 Nxf4 34. gxf4
Qxg2+ 35. Bxg2 Rd6 36. Bf1 Rc8 37. Ra3 f6 38. Nf3 Rb8 39. Nd2 Rc8 40. Ne4 Rb6
41. Nc5 Kf7 42. b3 cxb3 43. Rxb3 Rcb8 44. Reb1 1-0

[Event "24.Schlosspark-Open"]
[Site "Wiesbaden-Biebrich"]
[Date "2012.08.23"]
[Round "1.52"]
[White "Künitz, Klaus"]
[Black "Baskin, Robert"]
[Result "0-1"]
[WhiteElo "1660"]
[BlackElo "2055"]
[PlyCount "64"]
[EventDate "2012.??.??"]
[WhiteTeam "TSV Schott Mainz"]
[BlackTeam "SAbt TuS Makkabi Ffm"]

1. d4 Nf6 2. c4 g6 3. Nf3 Bg7 4. Nc3 O-O 5. Bf4 d6 6. e3 Nfd7 7. Be2 e5 8. Bg3
Nc6 9. O-O h6 10. Rb1 f5 11. dxe5 dxe5 12. Nd5 g5 13. h3 Ne7 14. b4 Ng6 15. Qc2
c6 16. Nc3 Qe7 17. c5 Nf6 18. Bc4+ Kh8 19. Rbd1 Qe8 20. Rfe1 Nh5 21. Bh2 e4 22.
Nd4 Ne5 23. Qb3 Nxc4 24. Qxc4 Qg6 25. Nde2 Be6 26. Rd6 Bxc4 27. Rxg6 Nf6 28.
Be5 Kh7 29. Rxg7+ Kxg7 30. Ng3 Kg6 31. Rd1 Rad8 32. Bd6 Rf7 0-1

[Event "24.Schlosspark-Open"]
[Site "Wiesbaden-Biebrich"]
[Date "2012.08.23"]
[Round "1.53"]
[White "Scharrer, Udo"]
[Black "Leßmann, Sven"]
[Result "1-0"]
[WhiteElo "2054"]
[BlackElo "1659"]
[PlyCount "61"]
[EventDate "2012.??.??"]
[WhiteTeam "SG Stern Stuttgart"]
[BlackTeam "SC Bad Soden"]

1. d4 d5 2. c4 c6 3. Nf3 Nf6 4. e3 dxc4 5. Bxc4 Bf5 6. Qb3 e6 7. Qxb7 Nbd7 8.
O-O Qc8 9. Qxc8+ Rxc8 10. Nc3 Nb6 11. Ba6 Rd8 12. Ne5 Rd6 13. Bb7 Nfd7 14. Bxc6
f6 15. Bxd7+ Nxd7 16. Nxd7 Rxd7 17. a3 g5 18. b4 h5 19. Na4 h4 20. Nc5 Rc7 21.
Bb2 Kf7 22. Rac1 Bd6 23. f3 Bg6 24. Ne4 Bxe4 25. Rxc7+ Bxc7 26. fxe4 Bb6 27.
Kf2 g4 28. Ke2 Rd8 29. Kd3 e5 30. d5 Rd6 31. Bxe5 1-0

[Event "24.Schlosspark-Open"]
[Site "Wiesbaden-Biebrich"]
[Date "2012.08.23"]
[Round "1.54"]
[White "Busch, Silvan"]
[Black "Reinert, Stéphane"]
[Result "0-1"]
[WhiteElo "1657"]
[BlackElo "2050"]
[PlyCount "32"]
[EventDate "2012.??.??"]
[WhiteTeam "SV 1920 Hofheim"]
[BlackTeam "SC Bad Nauheim"]

1. e4 b6 2. d4 Bb7 3. Nc3 e6 4. Nf3 Bb4 5. Bd3 Nf6 6. Nd2 c5 7. dxc5 Bxc3 8.
bxc3 bxc5 9. O-O O-O 10. f4 c4 11. Ba3 cxd3 12. Bxf8 dxc2 13. Qxc2 Qxf8 14.
Rab1 Ba6 15. Rfd1 Qc5+ 16. Kh1 Ng4 0-1

[Event "24.Schlosspark-Open"]
[Site "Wiesbaden-Biebrich"]
[Date "2012.08.23"]
[Round "1.55"]
[White "Zeyer, Oliver"]
[Black "Goldschmidt, Andreas"]
[Result "1-0"]
[WhiteElo "1976"]
[BlackElo "1649"]
[PlyCount "47"]
[EventDate "2012.??.??"]
[WhiteTeam "SF HN-Biberach 1978 e.V."]
[BlackTeam "SC 1953 Ronneburg"]

1. e4 e5 2. Nc3 Nf6 3. g3 Bc5 4. Bg2 O-O 5. d3 d6 6. Na4 Bb6 7. Nxb6 axb6 8.
Ne2 Nc6 9. O-O Re8 10. f4 Ra5 11. Bd2 Ra8 12. c4 exf4 13. Bxf4 Ne5 14. Bg5 Neg4
15. Qd2 h6 16. Bh4 Nxh2 17. Rxf6 gxf6 18. Kxh2 Kh7 19. Rf1 Rg8 20. Rxf6 Qf8 21.
Qf4 Be6 22. Nd4 Re8 23. Nxe6 Rxe6 24. Rxf7+ 1-0